Statistics for NFL Players' College Teams #2

Click here to take the quiz!

General Stats

  • This quiz has been taken 62,707 times
    (10,056 since last reset)
  • The average score is 16 of 24

Answer Stats

PlayerCollege% Correct
Joe BurrowLouisiana State
93%
Aidan HutchinsonMichigan
91%
Patrick MahomesTexas Tech
89%
Cam NewtonAuburn
88%
Jalen HurtsOklahoma
87%
Joe NamathAlabama
86%
Matthew StaffordGeorgia
86%
Aaron RodgersCalifornia
85%
Joey BosaOhio State
84%
Lamar JacksonLouisville
82%
Eli ManningMississippi
82%
Reggie BushUSC
80%
J. J. Watt
Wisconsin
79%
Ben RoethlisbergerMiami of Ohio
73%
Matt RyanBoston College
63%
John ElwayStanford
57%
Dan MarinoPittsburgh
55%
Maurice Jones-DrewUCLA
54%
Alex SmithUtah
53%
Darren McFaddenArkansas
48%
Jerome BettisNotre Dame
47%
Terrell Suggs
Arizona State
35%
Tony RomoEastern Illinois
32%
Steve McNairAlcorn State
22%

Score Distribution

Percentile by Number Answered

Percent of People with Each Score

Your Score History

You have not taken this quiz since the last reset